000 00610nam a2200205Ia 4500
005 20250923145705.0
008 008 250917s9999 xx 000 0 eng d
037 _aTextual
040 _aDSWL
_beng
_cDSWL
041 _aeng
_2eng
084 _aY:5x1(Y:434), N83;1
_qDSWL
245 0 _aPopulation policy perspectives developing countries
_cEd. by V.Narain
260 _aBombay
_bHimalaya
_c1983
300 _axxxii,470 p.
365 _aINR
_b157.50
700 _a C.P. Prakasam
_9837984
925 _g157.50
942 _cTEXL
_hY:5x1(Y:434), N83;1
999 _c1454402
_d1454402